Storekeeping Manual. (Record no. 4378)

MARC details
005 - DATE AND TIME OF LATEST TRANSACTION
control field 20250619090219.0
082 ## - DEWEY DECIMAL CLASSIFICATION NUMBER
Classification number 678.785 MAP
100 ## - MAIN ENTRY--PERSONAL NAME
Author name MAPUNDA, S.
245 ## - TITLE STATEMENT
Title Storekeeping Manual.
260 ## - PUBLICATION, DISTRIBUTION, ETC.
Place of publication, distribution, etc. Dar es Salaam,
Date of publication, distribution, etc. 1999
300 ## - PHYSICAL DESCRIPTION
Extent 173p.;
Other physical details References
Dimensions 29cm
942 ## - ADDED ENTRY ELEMENTS (KOHA)
Source of classification or shelving scheme Dewey Decimal Classification
Koha item type Books
Holdings
Date last seen Total checkouts Full call number Barcode Cost, replacement price Price effective from Koha item type Lost status Source of classification or shelving scheme Damaged status Not for loan Withdrawn status Home library Current library Shelving location Date acquired Cost, normal purchase price
06/19/2025   678.785 MAP DOM0003719 90000.00 06/19/2025 Books   Dewey Decimal Classification       CBE Dodoma CBE Dodoma Special Reserve Collection 05/23/2005 30000.00
06/19/2025   678.785 MAP DOM0004062 90000.00 06/19/2025 Books   Dewey Decimal Classification       CBE Dodoma CBE Dodoma Special Reserve Collection 05/23/2005 30000.00
06/19/2025   678.785 MAP DOM0003725 90000.00 06/19/2025 Books   Dewey Decimal Classification       CBE Dodoma CBE Dodoma Special Reserve Collection 05/23/2005 30000.00